00347nam a2200121Ia 4500008004100000041000800041082001500049100001500064245007000079260004400149300001100193999002100204231228s1999 xx 000 0 und d aeng a658.4bBRO aBROOKS (I) aOrganisational Behaviour: Individuals Groups and the Organisation aLondonbPitman Publication Londonc1999 aIX,310 c1086326d1086326